Pays de l'Empire Danois - Statistiques

Statistiques générales
  • Ce quiz a été pris 50 fois
  • Le résultat moyen est 18 sur 23
Statistiques - réponses
Pourcentage occuper Pays moderne % Correct
100 % Suède
100%
4 % France
98%
4 % Allemagne
96%
100 % Norvège
96%
~2% Russie
96%
100 % Islande
93%
53 % Royaume-Uni
93%
100 % Danemark
91%
100% Estonie
91%
<1 % Irlande
89%
15% Lettonie
89%
<1% Lituanie
89%
<1 % Pologne
89%
<1 % États-Unis (Iles Vierges)
87%
20% Pays-Bas
87%
?% Espagne
80%
?% Italie
78%
?% Portugal
76%
?% Algérie
56%
?% Maroc
56%
<1% Ghana
40%
<1 % Inde
40%
<1 % Bangladesh
11%
Aucun quiz correspondant
Distribution des résultats
% des personnes avec chaque résultat
Percentile par nombre de réponses
Votre historique - résultats
Vous n’avez pas pris ce quiz